000 00296nam a22001457a 4500
008 210309b ||||| |||| 00| 0 eng d
020 _a9781259065422
041 _aeng
080 _a159.9
082 _a159.9
100 _a48
101 _aPSI
245 _aPsyc1100
_cCPNC
942 _2udc
_cBK
999 _c56101
_d56101